Marx as politician (Record no. 409)

MARC details
000 -LEADER
fixed length control field 00505cam a2200205ua 4500
001 - CONTROL NUMBER
control field 467
005 - DATE AND TIME OF LATEST TRANSACTION
control field 20260515113153.0
008 - FIXED-LENGTH DATA ELEMENTS--GENERAL INFORMATION
fixed length control field 110406n xxk |||gr||||Z||||||eng
020 ## - INTERNATIONAL STANDARD BOOK NUMBER
International Standard Book Number 0-8093-1073-2
040 ## - CATALOGING SOURCE
Transcribing agency MAIN
082 ## - DEWEY DECIMAL CLASSIFICATION NUMBER
Classification number 324.2092
245 1# - TITLE STATEMENT
Title Marx as politician
Statement of responsibility, etc. by David Felix
250 ## - EDITION STATEMENT
Edition statement 1st.
260 ## - PUBLICATION, DISTRIBUTION, ETC.
Place of publication, distribution, etc. America:
Name of publisher, distributor, etc. Southern illinois,983.
300 ## - PHYSICAL DESCRIPTION
Extent xi, 308p:
Dimensions 25cm.
653 ## - INDEX TERM--UNCONTROLLED
Uncontrolled term Political science
653 ## - INDEX TERM--UNCONTROLLED
Uncontrolled term Marx as politician
700 ## - ADDED ENTRY--PERSONAL NAME
Personal name Fleix, David.,
Relator term Author.
942 ## - ADDED ENTRY ELEMENTS (KOHA)
Koha item type Books
Holdings
Withdrawn status Lost status Damaged status Not for loan Home library Current library Shelving location Date acquired Total checkouts Full call number Barcode Date last seen Copy number Price effective from Koha item type
        Naharkatiya College Library Naharkatiya College Library General stacks 09/19/2020   324.2092 | FEL 773 09/19/2020 1 09/19/2020 Books